000 01079nam a2200217Ia 4500
003 Ost
005 20260507075341.0
008 260507s9999||||xx |||||||||||||| ||und||
040 _cfsecg
041 _aara
082 _a330
100 _aجابر، طارق يوسف حسن
_eمؤلف
245 0 _aالسياسة التجارية الخارجية في النظام الإقتصادي الإسلامي :
_bدراسة مقارنة /
_c طارق يوسف حسن جابر
260 _aعمان:
_bدار النفائس للنشر والتوزيع,
_c2011
300 _a224 صفحة؛
_bإيضاحات ؛
_c24 سم
520 _aمفهوم السياسة التجارية في النظام الاقتصادي الاسلامي والنظام الوضعي-محددات السياسة الخارجية في النظام الاقتصادي الاسلامي-ادوات السياسة التجارية الخارجية
653 _aالاقتصاد الاسلامي
653 _aالتجارة الخارجية
653 _aالسياسة التجارية
942 _cكتاب
999 _c44088
_d44088